| 000 | 01804nam a22003257a 4500 | ||
|---|---|---|---|
| 001 | 4690 | ||
| 003 | FISKH | ||
| 005 | 20260313093240.0 | ||
| 008 | 240920b cb ||||| |||| 00| 0 eng d | ||
| 020 | _a9789995088903 | ||
| 040 |
_aFISKH _bBilingual _cFISKH _dFISKH |
||
| 050 | _aPZ7 | ||
| 082 | _a900 | ||
| 100 |
_aSotheary, Kimsun _eauthor |
||
| 245 |
_aភ្នំសន្ទុក / _cby Kimsun Sotheary : illustrated by Thai San |
||
| 250 | _aចេញផ្សាយខែមិនាឆ្នាំ២០០៨ | ||
| 260 |
_aភ្នំពេញ : _bReading Book ; _c២០០៨ . |
||
| 300 |
_a24 pages : _bcolor illustrations ; _c26 cm . |
||
| 490 | _aពិភពរឿងនិទាន | ||
| 505 | _aP | ||
| 520 | _aដំណើររឿងរបស់ស្តេចមួយអង្គដែលបានបាត់បង់ព្រះអង្គម្ចាស់ក្នុងពេលបោះជំរំ ហើយព្រះអង្គបានដាក់ឈ្មោះទីកន្លែងនោះថា "ភ្នំអាសនមានតក" (រងទុក្ខនៅលើភ្នំសង្គ្រោះ) ដែលបានក្លាយជាភ្នំសន្ទុករហូតមកដល់បច្ចុប្បន្ន។ | ||
| 520 | _aStory of a king who lost the prince during his camping and he named that place "Phnom Asorn Meantuk" (suffering in emergency mountain) which became Phnom Santuk till present . | ||
| 521 | 8 |
_a600
_bLexile estimate |
|
| 521 | 8 |
_aP
_bRaz-Plus |
|
| 650 |
_aព្រះរាជវាំង _vរឿងនិទានកុមារ |
||
| 650 |
_aroyal palace _vchildren's stories |
||
| 700 |
_aSan, Thai _eillustrator |
||
| 942 |
_2ddc _cKHB _n0 |
||
| 999 |
_c4690 _d4690 |
||